000 00920nam a22002177a 4500
005 20250429090612.0
008 250429b |||||||| |||| 00| 0 eng d
020 _a978-93-5229-267-7 (hbk)
037 _cTB
040 _aCRL
_cCRL
041 _2hin
_ahin
084 _aP152:795 Q5
_qCRL
100 _aसोनटक्के, माधव
_9753348
245 _aप्रयोजनमूलक हिन्दी:
_bप्रयुक्ति और अनुवाद
260 _aनयी दिल्ली, भारत:
_bवाणी प्रकाशन,
_c2015.
300 _a182पृ0
365 _b695.00
_cINR
650 _2हिन्दी भाषा
942 _2CC
_cTB
_hP152:795 Q5
_n0
999 _c1309694
_d1309694